000 01836nam0a2200385 4500
001 RU\NLR\bibl\1269562
005 20260406070450.0
010 _a5-89481-633-5
_92000
035 _a(NLR Aleph) 001255450
090 _a345729
_c345729
100 _a20080409d2008 |||y0rusy50 ca
101 0 _arus
_aeng
102 _aRU
105 _aa |||||||||
200 1 _aНовая вакцинология: вакцины против ВИЧ/СПИДА
_dNev vaccinology: vaccines against HIV/Aids
_fЭ.В. Карамов, И.Г. Сидорович, Р.М. Хаитов
_zeng
210 _aМосква
_cМедицинское информационное агентство
_d2008 [т.е. 2007]
215 _a366 с.
_cил., цв. ил.
_d24
300 _aАвт. также на англ. яз.: E.V. Karamov, I.G. Sidorovich, R.M. Khaitov
300 _aПредисл. парал. на рус. и англ. яз.
300 _aКн. фактически изд. в 2007 г.
320 _aБиблиогр.: с. 300-366 (1225 назв.)
510 1 _6z22790
_aNev vaccinology: vaccines against HIV/Aids
_zrus
606 1 _aВакцины против ВИЧ-инфекции/СПИДа
_91212704
_3RU\NLR\auth\66174104
686 _aР266.91
700 1 _4070
_8rus
_7ca
_aКарамов
_bЭ. В.
_gЭдуард Владимирович
_3RU\NLR\auth\7768518
_951446
701 1 _aСидорович
_bИ. Г.
_gИгорь Георгиевич
_4070
701 1 _4070
_7ca
_8rus
_aХаитов
_bР.М.
_f1944-2022
_gРахим Мусаевич
_3RU\NLR\AUTH\7726952
_99989
790 1 _4070
_8rus
_7ba
_aKaramov
_bÉ. V.
_gÉduard Vladimirovič
_3RU\NLR\auth\7768520
_951448
801 0 _aRU
_bNLR
_c20080409
_gRCR
801 1 _aRU
_bNLR
_c20080409
830 _aавт. по кн.
942 _cBOOK
980 _aNB